000 00336nam a22001337a 4500
999 _c13694
_d13694
020 _a969001126x
082 _a808.74
_bوک ی
100 _aوکیل انجم
245 _aسیاست کے فروعون
260 _aلاہور
_bفیروز سنز
300 _aمتفرق صفحات
650 _aSiyasat ke Fir'on
942 _cBK